| 000 | 00638nam a2200205 a 4500 | ||
|---|---|---|---|
| 001 | BRCA_8524 | ||
| 005 | 20190320210323.0 | ||
| 008 | 290716s2015----mx-a######---#000-0#spa-# | ||
| 020 | _a9786070267529 | ||
| 041 | _aspa | ||
| 044 | _amx | ||
| 050 | 4 |
_aQL676.57 _b.N38 2015 |
|
| 100 | 1 |
_aNavarijo Ornelas, María de Lourdes _921385 |
|
| 245 | 1 | 0 |
_aLas aves nacionales _bel valor del uso de la imagen _cMaría de Lourdes Navarijo Ornelas. |
| 260 |
_aMéxico _bUNAM, Instituto de Biología _c2015 |
||
| 300 |
_a70 p. _bil. a color _c23 cm. |
||
| 504 | _aBibliografía : p. 57-65 | ||
| 650 | 1 | 4 |
_aAves _xHabitat _zMéxico _921386 |
| 942 |
_2lcc _cB |
||
| 999 |
_c8190 _d8190 |
||